00642 a2200169 450000500170000001000150001702000290003203500140006103700160007508200100009110000240010124500920012526000670021727001400028430000300042470000180045420211214170751.0 aENG-130308 c599.00a978-3-544-9763-6 aEN-113840 bDBAD / PUB14a174.41 aMuraleedharan, K.P.1 aFernando's Business Ethics and Corporate Governance:cK.P. Muraleedharan, E.K. Satheesh aUttar PradeshbPearson India Education Services Pvt. Ltdc2022 a15th Floor, Tower-B, World Trade Tower, Plot No. 1, Block-C, Sector 16, NoidabUttar Pradeshe201301mcompanysecretary.india@pearon.com axxxvii, 716p.c22cm (pbk) aE.K. Satheesh